000 00417cam a2200181ua 4500
001 10406
008 190128n ii |||gr||||Z||||||asm
040 _cMAIN
041 _aasm
082 _a891.4514
100 _aPrafulla Kotoky,
_eAuthor.
245 _aSahitya Bichar (A)
250 _a3rd ed.
260 _aGuwahati:
_bJyoti prakashan,
_c2015.
300 _a140p.
653 _aAssamese literature
942 _cBK
999 _c9395
_d9395